Statistics for Russia Tile Select

Click here to take the quiz!

General Stats

  • This quiz has been taken 29 times
  • The average score is 56 of 73

Answer Stats

QuestionTileSelect?% Correct
Which of these countries do NOT border Russia by land?Mongolia
100%
Which of these months were the two parts of the Russian Revolution named after?January
100%
Which of these are cities in the Asian part of Russia?Vladivostok
97%
Which of these novels do take place in Russia?The Book Thief
97%
In which year did the Soviet Union come to existence and in which year did it dissolve?Started in 1920
97%
Which of these countries do NOT border Russia by land?Finland
97%
In which year did the Soviet Union come to existence and in which year did it dissolve?Started in 1919
93%
Which of these are landmarks in Moscow?Motherland Calls
93%
Which of these countries do NOT border Russia by land?North Korea
93%
Which of these were composers?Rudolf Nureyev
93%
Which of these were composers?Pyotr Tchaikovsky
93%
Which of these are major rivers in Russia?Volga
93%
Which one of these were names of the Russian tsars?Jacob
93%
Which of these countries do NOT border Russia by land?Georgia
93%
In which year did the Soviet Union come to existence and in which year did it dissolve?Ended in 1990
90%
Which of these are names for different types of clothing?Parka
90%
Which of these were composers?Leon Trotsky
90%
Which one of these were names of the Russian tsars?Catherine
90%
Which of these were composers?Fyodor Dostoevsky
90%
Which of these were composers?Igor Stravinsky
90%
Which of these novels do take place in Russia?The Stranger
90%
Which of these months were the two parts of the Russian Revolution named after?October
86%
Which of these months were the two parts of the Russian Revolution named after?August
86%
Which of these months were the two parts of the Russian Revolution named after?December
86%
Which of these are cities in the Asian part of Russia?Nizhny Novgorod
86%
Which of these are major rivers in Russia?Tiber
86%
In which year did the Soviet Union come to existence and in which year did it dissolve?Started in 1921
86%
Which of these were composers?Vladimir Nabokov
86%
Which of these are landmarks in Moscow?Bolshoi
86%
Which of these are cities in the Asian part of Russia?Sochi
86%
Which of these are names for different types of clothing?Dacha
86%
Which of these countries do NOT border Russia by land?Poland
86%
Which of these are names for different types of clothing?Samovar
86%
Which one of these were names of the Russian tsars?Peter
86%
Which of these are major rivers in Russia?Ume
86%
In which year did the Soviet Union come to existence and in which year did it dissolve?Ended in 1989
86%
Which one of these were names of the Russian tsars?Alexander
83%
Which of these are cities in the Asian part of Russia?Novosibirsk
83%
Which of these are landmarks in Moscow?Hermitage Museum
83%
In which year did the Soviet Union come to existence and in which year did it dissolve?Ended in 1992
83%
Which of these months were the two parts of the Russian Revolution named after?November
79%
Which of these countries do NOT border Russia by land?Armenia
79%
Which of these are major rivers in Russia?Dnister
79%
Which of these countries do NOT border Russia by land?Azerbaijan
79%
Which of these are cities in the Asian part of Russia?Irkutsk
79%
Which of these countries do NOT border Russia by land?Moldova
79%
Which of these novels do take place in Russia?War And Peace
79%
Which of these novels do take place in Russia?Crime and Punishment
79%
Which of these are landmarks in Moscow?Saint Basil's Cathedral
79%
Which of these novels do take place in Russia?One Hundred Years of Solitude
76%
Which of these are major rivers in Russia?Ob
76%
Which of these are cities in the Asian part of Russia?Samara
72%
Which of these are major rivers in Russia?Yenisei
72%
Which of these are cities in the Asian part of Russia?Murmansk
72%
Which of these are landmarks in Moscow?Gorky Park
69%
Which of these countries do NOT border Russia by land?Kyrgyzstan
66%
Which of these are cities in the Asian part of Russia?Kazan
62%
In which year did the Soviet Union come to existence and in which year did it dissolve?Started in 1918
62%
Which of these were composers?Nikolai Rimsky-Korsakov
62%
Which of these were composers?Dmitry Shostakovich
62%
Which of these are major rivers in Russia?Lena
62%
In which year did the Soviet Union come to existence and in which year did it dissolve?Ended in 1991
55%
Which of these months were the two parts of the Russian Revolution named after?February
55%
Which of these are major rivers in Russia?Don
55%
Which of these are names for different types of clothing?Ushanka
52%
Which of these are cities in the Asian part of Russia?Omsk
48%
Which of these are landmarks in Moscow?Spasskaya Tower
41%
Which of these are major rivers in Russia?Irtysh
41%
Which one of these were names of the Russian tsars?Feodor
31%
Which of these novels do take place in Russia?Fathers And Sons
31%
Which one of these were names of the Russian tsars?Elizabeth
28%
In which year did the Soviet Union come to existence and in which year did it dissolve?Started in 1922
28%
Which of these were composers?Mikhail Glinka
28%

Score Distribution

Percentile by Number Answered

Percent of People with Each Score

Your Score History

You have not taken this quiz